[Event "SG Porz 2 - SG Solingen 3"]
[Site "NRW-Liga - Gruppe 2 2021/2022"]
[Date "2022.03.13"]
[Round "7.1"]
[White "Zolfagharian, Kevin"]
[Black "Braun, Christian"]
[Result "0-1"]
[WhiteElo "2250"]
[BlackElo "2408"]
[PlyCount "126"]
[EventDate "2022.??.??"]
[SourceVersionDate "2020.03.16"]
[WhiteTeam "SG Solingen 3"]
[BlackTeam "SG Porz 2"]

1. e4 e6 2. d4 d5 3. Nd2 Be7 4. Ngf3 Nf6 5. e5 Nfd7 6. Bd3 c5 7. c3 Nc6 8. O-O
cxd4 9. cxd4 Nb6 10. Re1 Bd7 11. Nf1 g5 12. Be3 Nb4 13. a3 Nxd3 14. Qxd3 Nc4
15. b3 Nxe3 16. fxe3 Qb6 17. N3d2 f5 18. exf6 Bxf6 19. Rac1 O-O 20. a4 Be8 21.
Ng3 Bg6 22. Qe2 Qb4 23. Rc5 Rf7 24. Rec1 Raf8 25. Rc8 Rxc8 26. Rxc8+ Rf8 27.
Rc5 a6 28. Ndf1 Be7 29. Rc7 Bd6 30. Rd7 Be8 31. Rd8 Be7 32. Rc8 Bg6 33. Qg4 Qd6
34. Rc1 e5 35. Nd2 exd4 36. exd4 Qf4 37. Qe6+ Qf7 38. Qe2 Re8 39. Rf1 Bd6 40.
Qg4 Bf4 41. Qd1 Qc7 42. Nh5 Bxh2+ 43. Kh1 Rf8 44. Nf6+ Kg7 45. Nxd5 Qd6 46.
Rxf8 Kxf8 47. Qf3+ Bf7 48. Nc4 Qxd5 49. Qxd5 Bxd5 50. Kxh2 Ke7 51. g4 Bf3 52.
Ne3 Kd6 53. Kg3 Bd5 54. Nc4+ Kc7 55. Kf2 h6 56. Ke3 Be6 57. Kf3 Kc6 58. Ke4 Kc7
59. Kf3 {(=)} b6 60. a5 bxa5 61. Nxa5 Kb6 62. b4 Bd5+ 63. Ke3 Kb5 0-1

[Event "SG Porz 2 - SG Solingen 3"]
[Site "NRW-Liga - Gruppe 2 2021/2022"]
[Date "2022.03.13"]
[Round "7.2"]
[White "Pauly, Carlo"]
[Black "Hobusch, Jan"]
[Result "1-0"]
[WhiteElo "2285"]
[BlackElo "2211"]
[PlyCount "66"]
[EventDate "2022.??.??"]
[SourceVersionDate "2020.03.16"]
[WhiteTeam "SG Porz 2"]
[BlackTeam "SG Solingen 3"]

1. c4 c6 2. Nf3 d5 3. d4 Nf6 4. Nc3 e6 5. Bg5 dxc4 6. e4 b5 7. e5 h6 8. Bh4 g5
9. Nxg5 hxg5 10. Bxg5 Nbd7 11. g3 Bb7 12. Bg2 Qb6 13. exf6 O-O-O 14. O-O c5 15.
d5 b4 16. Na4 Qb5 17. a3 exd5 18. axb4 cxb4 19. b3 c3 20. Qg4 Bd6 21. Be3 d4
22. Qxd4 Bxg2 23. Kxg2 Qf5 24. Qc4+ Kb7 25. h4 Rc8 26. Qd4 Ne5 27. Nxc3 Rxc3
28. Rxa7+ Kc8 29. Ra8+ Kd7 30. Rxh8 Qf3+ 31. Kg1 Qc6 32. Qa7+ Ke6 33. Qa8 Qxa8
1-0

[Event "SG Porz 2 - SG Solingen 3"]
[Site "NRW-Liga - Gruppe 2 2021/2022"]
[Date "2022.03.13"]
[Round "7.3"]
[White "Michalczak, Thomas"]
[Black "Fieberg, Samuel"]
[Result "1/2-1/2"]
[WhiteElo "2212"]
[BlackElo "2121"]
[PlyCount "126"]
[EventDate "2022.??.??"]
[SourceVersionDate "2020.03.16"]
[WhiteTeam "SG Solingen 3"]
[BlackTeam "SG Porz 2"]

1. e4 e5 2. Nf3 Nc6 3. Bb5 Nf6 4. d4 Nxd4 5. Nxd4 c6 6. Bc4 exd4 7. Qxd4 Qb6 8.
Qd3 Bc5 9. O-O Qc7 10. Be3 Ng4 11. g3 Nxe3 12. fxe3 f6 13. Nd2 d6 14. e5 dxe5
15. Ne4 Be7 16. Rad1 Bd7 17. Ng5 O-O-O 18. Nf7 Bg4 19. Qe4 Bxd1 20. Nxh8 Bxc2
21. Qg4+ Kb8 22. Qxg7 Bc5 23. Qxf6 Bxe3+ 24. Kg2 Be4+ 25. Kh3 Rd6 26. Be6 Bd5
27. Qf8+ Rd8 28. Bxd5 cxd5 29. Qf6 Qc8+ 30. Kg2 Bd4 31. Nf7 Qc2+ 32. Kh3 Rc8
33. Nxe5 Qc7 34. Nc6+ Qxc6 35. Qxd4 Qh6+ 36. Kg2 Rc2+ 37. Rf2 Rxf2+ 38. Qxf2
Qc6 39. Qf4+ Kc8 40. Qf5+ Kd8 41. Qxh7 d4+ 42. Kf2 Qf6+ 43. Kg1 Qb6 44. Qg8+
Kd7 45. Qf7+ Kd8 46. Qb3 Qc5 47. Kf1 Qf5+ 48. Ke2 Qe4+ 49. Kd2 Qg2+ 50. Kd3
Qxh2 51. Kxd4 Qh8+ 52. Ke4 Qh7+ 53. Ke5 Qh8+ 54. Kf5 Qh5+ 55. Kf4 Qh6+ 56. Kf3
Qh1+ 57. Ke3 Qh6+ 58. Kd3 Qh7+ 59. Kd2 Qh2+ 60. Kd1 Qh1+ 61. Kc2 Qh2+ 62. Kc1
Qh6+ 63. Kb1 Qh1+ 1/2-1/2

[Event "SG Porz 2 - SG Solingen 3"]
[Site "NRW-Liga - Gruppe 2 2021/2022"]
[Date "2022.03.13"]
[Round "7.4"]
[White "Gallasch, Robin"]
[Black "Asadzade, Idris"]
[Result "1/2-1/2"]
[WhiteElo "1999"]
[BlackElo "2189"]
[PlyCount "67"]
[EventDate "2022.??.??"]
[SourceVersionDate "2020.03.16"]
[WhiteTeam "SG Porz 2"]
[BlackTeam "SG Solingen 3"]

1. d4 d5 2. Nc3 Nf6 3. Bf4 a6 4. e3 c5 5. dxc5 Nc6 6. Nf3 Bg4 7. Be2 e6 8. Na4
Bxc5 9. Nxc5 Qa5+ 10. c3 Qxc5 11. O-O O-O 12. h3 Bh5 13. Ne5 Bxe2 14. Qxe2 Nxe5
15. Bxe5 Nd7 16. Bg3 Qc6 17. Rfe1 f5 18. Rad1 b5 19. f3 Nc5 20. Be5 Rfe8 21.
Kh2 Rad8 22. Qf2 Nd7 23. Qg3 Nxe5 24. Qxe5 Kf7 25. Rd4 Rd7 26. e4 dxe4 27. fxe4
Rxd4 28. cxd4 Qd7 29. Rf1 g6 30. Rc1 Rc8 31. Rxc8 Qxc8 32. exf5 gxf5 33. d5
exd5 34. Qxd5+ {(=)} 1/2-1/2

[Event "SG Porz 2 - SG Solingen 3"]
[Site "NRW-Liga - Gruppe 2 2021/2022"]
[Date "2022.03.13"]
[Round "7.5"]
[White "Wickenfeld, Stefan"]
[Black "Kagan, Dennis"]
[Result "1-0"]
[WhiteElo "2133"]
[BlackElo "1982"]
[PlyCount "87"]
[EventDate "2022.??.??"]
[SourceVersionDate "2020.03.16"]
[WhiteTeam "SG Solingen 3"]
[BlackTeam "SG Porz 2"]

1. d4 Nf6 2. Nf3 e6 3. g3 b6 4. Bg2 Bb7 5. O-O Be7 6. b3 O-O 7. Bb2 c5 8. c4
cxd4 9. Qxd4 d6 10. Nc3 a6 11. Rfd1 Qc7 12. e4 Rd8 13. h3 Nbd7 14. Qe3 Rac8 15.
g4 Nc5 16. Nd4 Bf8 17. g5 Ne8 18. h4 e5 19. Nf5 g6 20. Nh6+ Bxh6 21. gxh6 Qe7
22. Qg3 Nf6 23. f3 Nh5 24. Qg4 Rb8 25. Bc1 Bc8 26. Nd5 Qf8 27. Qg5 Ne6 28. Qe7
Qxe7 29. Nxe7+ Kf8 30. Nc6 Bb7 31. Nxb8 Rxb8 32. Rxd6 b5 33. cxb5 axb5 34. Bb2
Ke7 35. Bxe5 Rc8 36. Bh3 Rc2 37. Bxe6 fxe6 38. Rad1 Bc6 39. R6d2 Rxd2 40. Rxd2
Nf6 41. Bxf6+ Kxf6 42. Kf2 g5 43. hxg5+ Kxg5 44. Rd6 1-0

[Event "SG Porz 2 - SG Solingen 3"]
[Site "NRW-Liga - Gruppe 2 2021/2022"]
[Date "2022.03.13"]
[Round "7.6"]
[White "Gallinnis, Norbert"]
[Black "Kniest, Oliver"]
[Result "0-1"]
[WhiteElo "2100"]
[BlackElo "2189"]
[PlyCount "62"]
[EventDate "2022.??.??"]
[SourceVersionDate "2020.03.16"]
[WhiteTeam "SG Porz 2"]
[BlackTeam "SG Solingen 3"]

1. e4 c6 2. d4 d5 3. f3 dxe4 4. fxe4 e5 5. Nf3 Bg4 6. Bc4 Nd7 7. c3 Bd6 8. O-O
Ngf6 9. h3 Bh5 10. Nbd2 O-O 11. Qc2 b5 12. Bd3 Qb6 13. a4 a6 14. Kh1 Bg6 15.
Re1 c5 16. axb5 axb5 17. Rxa8 Rxa8 18. b3 Nh5 19. d5 c4 20. bxc4 b4 21. cxb4
Bxb4 22. Rd1 Nc5 23. Nf1 Qd6 24. Be3 Ra3 25. Bxc5 Bxc5 26. Qb2 Nf4 27. Nxe5 f6
28. Nxg6 Nxd3 29. Rxd3 Rxd3 30. Qe2 Rd4 31. e5 Qd8 0-1

[Event "SG Porz 2 - SG Solingen 3"]
[Site "NRW-Liga - Gruppe 2 2021/2022"]
[Date "2022.03.13"]
[Round "7.7"]
[White "Borchert, Stephan"]
[Black "Evers, Leo"]
[Result "0-1"]
[WhiteElo "2104"]
[BlackElo "2022"]
[PlyCount "92"]
[EventDate "2022.??.??"]
[SourceVersionDate "2020.03.16"]
[WhiteTeam "SG Solingen 3"]
[BlackTeam "SG Porz 2"]

1. e4 c5 2. Nf3 Nc6 3. Bb5 Nf6 4. e5 Nd5 5. O-O g6 6. d4 cxd4 7. Bxc6 bxc6 8.
Qxd4 Bg7 9. c4 Nc7 10. Qh4 Ne6 11. Nc3 Rb8 12. b3 f6 13. Bh6 O-O 14. Ne4 g5 15.
Qg3 Nf4 16. Rfe1 Bxh6 17. exf6 exf6 18. h4 d6 19. Rad1 d5 20. hxg5 fxg5 21. Ne5
Qc7 22. Nxg5 Qg7 23. Nxc6 Bxg5 24. Nxb8 dxc4 25. Nc6 Bb7 26. Ne7+ Kh8 27. Nf5
Qf6 28. Ne3 Nd3 29. Ng4 Qf4 30. Qxf4 Rxf4 31. Re8+ Kg7 32. Rb8 Bxg2 33. Kxg2
Rxg4+ 34. Kf1 Rf4 35. bxc4 Rxf2+ 36. Kg1 Rf3 37. Rb3 Rg3+ 38. Kf1 Rf3+ 39. Kg2
Rf2+ 40. Kg3 Bf4+ 41. Kg4 Ne5+ 42. Kf5 Bh2+ 43. Ke6 Nxc4 44. Rd7+ Kg6 45. Rxa7
Nb6 46. Rg3+ Bxg3 0-1

[Event "SG Porz 2 - SG Solingen 3"]
[Site "NRW-Liga - Gruppe 2 2021/2022"]
[Date "2022.03.13"]
[Round "7.8"]
[White "Sabirov, Rafael"]
[Black "Auer, Martin"]
[Result "0-1"]
[WhiteElo "1978"]
[BlackElo "2161"]
[PlyCount "80"]
[EventDate "2022.??.??"]
[SourceVersionDate "2020.03.16"]
[WhiteTeam "SG Porz 2"]
[BlackTeam "SG Solingen 3"]

1. e4 g6 2. Nc3 Bg7 3. f4 c6 4. Nf3 d5 5. e5 Bg4 6. d4 h5 7. h3 Bxf3 8. Qxf3 e6
9. g3 Nh6 10. Bd3 Nf5 11. Bxf5 gxf5 12. Be3 Nd7 13. O-O-O Nf8 14. g4 Ng6 15. g5
h4 16. Bf2 Bf8 17. Rd3 Be7 18. Kb1 Kf8 19. Nd1 Kg7 20. Ne3 b5 21. Ng2 Qb6 22.
Qe3 Rh7 23. Rc1 a5 24. Qe1 a4 25. Bxh4 Rah8 26. Bf2 Rxh3 27. Rxh3 Rxh3 28. Qf1
a3 29. b3 Rh8 30. Be3 c5 31. Qf2 c4 32. Ne1 Qd8 33. Nf3 Rh5 34. Rg1 Qh8 35. Bc1
Bb4 36. Rg3 Rh1 37. Ng1 Qh4 38. Nf3 Qxf4 39. Rg1 Rxg1 40. Qxg1 Qxf3 0-1

[Event "NRW-Liga - Gruppe 2 2021/2022"]
[Site "Brühl"]
[Date "2022.03.13"]
[Round "7.1"]
[White "Forchert, Martin"]
[Black "Loifenfeld, Jakov"]
[Result "1/2-1/2"]
[WhiteElo "2312"]
[BlackElo "2401"]
[PlyCount "133"]
[EventDate "2022.??.??"]
[SourceVersionDate "2020.03.16"]
[WhiteTeam "Bielefelder SK 1"]
[BlackTeam "Brühler SK 1"]

1. e4 Nf6 2. e5 Nd5 3. d4 d6 4. c4 Nb6 5. exd6 exd6 6. Nc3 Be7 7. Bd3 Nc6 8.
Be3 Bf6 9. Nge2 Bg4 10. f3 Bh5 11. O-O Bg6 12. Bxg6 hxg6 13. b3 O-O 14. d5 Ne7
15. Qd2 Nf5 16. Bf2 Nd7 17. Rad1 Re8 18. Ne4 Bh4 19. g3 Be7 20. Kg2 Ne5 21.
N2c3 Qd7 22. h3 Qd8 23. Rfe1 a6 24. Re2 Nh6 25. f4 Nd7 26. Rde1 Bf6 27. Nxf6+
Nxf6 28. g4 Rxe2 29. Qxe2 Qd7 30. Ne4 Nxe4 31. Qxe4 Kf8 32. Kf3 Re8 33. Qxe8+
Qxe8 34. Rxe8+ Kxe8 35. Bd4 f6 36. a4 Ke7 37. a5 Nf7 38. h4 Nh6 39. Bc3 Kf7 40.
Bd4 Ke7 41. b4 Ng8 42. h5 gxh5 43. gxh5 Nh6 44. Ke4 Kd8 45. b5 Kd7 46. Bg1 Ng8
47. Bd4 Ne7 48. f5 Ng8 49. Kf4 Nh6 50. bxa6 bxa6 51. c5 c6 52. dxc6+ Kxc6 53.
cxd6 Nf7 54. Bc3 Nxd6 55. h6 gxh6 56. Bxf6 Kd5 57. Bg7 h5 58. Bc3 h4 59. f6 h3
60. Kg3 Ne4+ 61. Kxh3 Ke6 62. Bd4 Nxf6 63. Bxf6 Kxf6 64. Kg3 Ke5 65. Kf3 Kd4
66. Ke2 Kc3 67. Kd1 1/2-1/2

[Event "NRW-Liga - Gruppe 2 2021/2022"]
[Site "Brühl"]
[Date "2022.03.13"]
[Round "7.2"]
[White "Schiffer, Stefan"]
[Black "Gruen, Gerd-Peter"]
[Result "1/2-1/2"]
[WhiteElo "2248"]
[BlackElo "2300"]
[PlyCount "63"]
[EventDate "2022.??.??"]
[SourceVersionDate "2020.03.16"]
[WhiteTeam "Brühler SK 1"]
[BlackTeam "Bielefelder SK 1"]

1. d4 Nf6 2. Nf3 e6 3. e3 c5 4. c3 b6 5. Bd3 Bb7 6. O-O Be7 7. Nbd2 O-O 8. Qe2
d5 9. Rd1 Nbd7 10. b3 Re8 11. Bb2 Bd6 12. c4 Qe7 13. e4 dxe4 14. Nxe4 Nxe4 15.
Bxe4 Bxe4 16. Qxe4 Nf6 17. Qh4 cxd4 18. Nxd4 Rac8 19. Nb5 Bb8 20. Bxf6 Qxf6 21.
Qxf6 gxf6 22. Rd7 a6 23. Nd6 Bxd6 24. Rxd6 b5 25. Rc1 bxc4 26. Rxc4 Rxc4 27.
bxc4 Rc8 28. Rxa6 Rxc4 29. g3 f5 30. Kg2 Kg7 31. a4 Rc3 32. Ra8 1/2-1/2

[Event "NRW-Liga - Gruppe 2 2021/2022"]
[Site "Brühl"]
[Date "2022.03.13"]
[Round "7.3"]
[White "Beilfuß, Wilfried"]
[Black "Gramb, Marius"]
[Result "1/2-1/2"]
[WhiteElo "2187"]
[BlackElo "2105"]
[PlyCount "35"]
[EventDate "2022.??.??"]
[SourceVersionDate "2020.03.16"]
[WhiteTeam "Bielefelder SK 1"]
[BlackTeam "Brühler SK 1"]

1. Nf3 d5 2. g3 Nd7 3. d4 Nb6 4. Bg2 Bf5 5. O-O e6 6. b3 c6 7. Bb2 Nf6 8. Nbd2
Be7 9. c4 O-O 10. c5 Nbd7 11. b4 a5 12. a3 b6 13. Bc3 Ne4 14. Nxe4 Bxe4 15. Qd2
a4 16. cxb6 Qxb6 17. Rac1 Qb7 18. Rfd1 1/2-1/2

[Event "NRW-Liga - Gruppe 2 2021/2022"]
[Site "Brühl"]
[Date "2022.03.13"]
[Round "7.4"]
[White "Keller, Thomas"]
[Black "Simon, Hans-Christian"]
[Result "0-1"]
[WhiteElo "2255"]
[BlackElo "2166"]
[PlyCount "46"]
[EventDate "2022.??.??"]
[SourceVersionDate "2020.03.16"]
[WhiteTeam "Brühler SK 1"]
[BlackTeam "Bielefelder SK 1"]

1. e4 e5 2. Nf3 Nf6 3. Nc3 Bb4 4. Nxe5 O-O 5. Be2 Re8 6. Nd3 Bxc3 7. dxc3 Nxe4
8. O-O d6 9. Re1 Nd7 10. Bf3 Ndf6 11. c4 Bd7 12. b3 a5 13. Bb2 Bc6 14. Nf4 Qd7
15. Nd5 Bxd5 16. cxd5 Qf5 17. Qd3 Qg6 18. Rad1 Ng5 19. Be2 Re4 20. Qg3 Rae8 21.
Kf1 R4e7 22. Bd3 Nge4 23. Qxg6 Nd2+ 0-1

[Event "NRW-Liga - Gruppe 2 2021/2022"]
[Site "Brühl"]
[Date "2022.03.13"]
[Round "7.5"]
[White "Goeßling, Guido"]
[Black "Schaefer, Juergen"]
[Result "1/2-1/2"]
[WhiteElo "2191"]
[BlackElo "2122"]
[PlyCount "52"]
[EventDate "2022.??.??"]
[SourceVersionDate "2020.03.16"]
[WhiteTeam "Bielefelder SK 1"]
[BlackTeam "Brühler SK 1"]

1. e4 g6 2. d4 Bg7 3. Nc3 d6 4. Be3 c6 5. Qd2 Nd7 6. Nf3 b5 7. Bd3 Nb6 8. h3
Nc4 9. Bxc4 bxc4 10. O-O Rb8 11. b3 Ba6 12. Rfe1 e6 13. d5 cxd5 14. exd5 e5 15.
Bxa7 Rb7 16. Be3 Ne7 17. Rab1 Qb8 18. Bh6 O-O 19. Bxg7 Kxg7 20. Nd1 h6 21. b4
c3 22. Nxc3 Rxb4 23. Rxb4 Qxb4 24. Rb1 Qa5 25. Ne4 Qxa2 26. Rb6 Nc8 1/2-1/2

[Event "NRW-Liga - Gruppe 2 2021/2022"]
[Site "Brühl"]
[Date "2022.03.13"]
[Round "7.6"]
[White "Spilles, Matthias"]
[Black "Danielmeier, Ralf"]
[Result "1/2-1/2"]
[WhiteElo "2055"]
[BlackElo "2059"]
[PlyCount "189"]
[EventDate "2022.??.??"]
[SourceVersionDate "2020.03.16"]
[WhiteTeam "Brühler SK 1"]
[BlackTeam "Bielefelder SK 1"]

1. e4 d5 2. exd5 Qxd5 3. Nc3 Qa5 4. d4 Nf6 5. Bc4 Bf5 6. Bd2 Qb6 7. Bb3 e6 8.
Qe2 c6 9. O-O-O Nbd7 10. Nf3 O-O-O 11. Bf4 Nd5 12. Nxd5 cxd5 13. Nh4 Bg6 14.
Kb1 Bd6 15. Nxg6 hxg6 16. Bg5 Nf6 17. Qf3 Be7 18. h3 Kb8 19. Rd3 Rc8 20. Rc1
Rc7 21. c4 dxc4 22. Rxc4 Rxc4 23. Bxc4 Rc8 24. Rb3 Qc6 25. Bf4+ Ka8 26. Qxc6
Rxc6 27. Bb5 Rc8 28. Rc3 Rxc3 29. bxc3 a6 30. Ba4 b5 31. Bd1 Kb7 32. Kc2 Ne8
33. Kd3 Nd6 34. Bb3 Kc6 35. a4 Bd8 36. g4 Be7 37. Be5 Bf6 38. Bg3 g5 39. Bh2
Be7 40. Be5 g6 41. Bg3 Bf6 42. f3 Be7 43. Bf2 Bd8 44. axb5+ axb5 45. Be3 Be7
46. Bc1 Bd8 47. Ba3 Ba5 48. Bc5 Bd8 49. Bb4 Be7 50. Ke3 Bf6 51. Kd3 Bd8 52. Ba3
Ba5 53. Bc1 Bd8 54. Be3 Be7 55. Bd1 Nc4 56. Bc1 Bf6 57. f4 gxf4 58. Bf3+ Kd7
59. Bxf4 g5 60. Bc1 Nb6 61. Ke4 Nd5 62. Bd2 Kd6 63. Be2 Kc6 64. c4 bxc4 65.
Bxc4 Nc7 66. Be1 Ne8 67. Bb3 Nd6+ 68. Kd3 Nb5 69. Bf2 Nd6 70. Bg3 Bd8 71. Ba4+
Kd5 72. Bb3+ Kc6 73. Be5 Be7 74. Bd1 Bd8 75. Bf3+ Kd7 76. Be2 f6 77. Bg3 Bb6
78. Bd1 Ke7 79. Ba4 Ba5 80. Bc6 Bb4 81. Kc2 Ba5 82. Kb3 Bd2 83. Bf2 Ba5 84. Ka4
Bd2 85. Kb3 Ba5 86. Kc2 Bb4 87. Kd3 Ba5 88. Ke2 Bc3 89. Be3 Nc4 90. Bf2 Nd6 91.
Kd3 Bb4 92. h4 gxh4 93. Bxh4 Nf7 94. Kc4 Bd6 95. Be4 1/2-1/2

[Event "NRW-Liga - Gruppe 2 2021/2022"]
[Site "Brühl"]
[Date "2022.03.13"]
[Round "7.7"]
[White "Doering, Carsten"]
[Black "Haskelman, Evgen"]
[Result "1/2-1/2"]
[WhiteElo "2067"]
[BlackElo "2143"]
[PlyCount "102"]
[EventDate "2022.??.??"]
[SourceVersionDate "2020.03.16"]
[WhiteTeam "Bielefelder SK 1"]
[BlackTeam "Brühler SK 1"]

1. d4 f5 2. e4 fxe4 3. Nc3 Nf6 4. Bg5 b6 5. Bxf6 exf6 6. Nxe4 Qe7 7. Qh5+ g6 8.
Qe2 f5 9. Nf6+ Kd8 10. Nd5 Qxe2+ 11. Bxe2 c6 12. Nc3 Ba6 13. O-O-O Bb4 14. Bxa6
Nxa6 15. Nce2 Re8 16. a3 Bf8 17. Nc3 Nc7 18. Nf3 d6 19. Rde1 Kd7 20. Rxe8 Rxe8
21. Re1 Rxe1+ 22. Nxe1 Bg7 23. Ne2 Ne6 24. c3 Bh6+ 25. Kd1 Nf4 26. Nxf4 Bxf4
27. Nd3 Bh6 28. f4 Ke6 29. g3 a5 30. b3 Kd5 31. Ke2 c5 32. dxc5 dxc5 33. Nb2 b5
34. Kd3 Bg7 35. c4+ Kd6 36. Nd1 a4 37. bxa4 bxa4 38. Nc3 Bxc3 39. Kxc3 Ke6 40.
Kd3 Kf6 41. Ke3 Kg7 42. h3 Kf7 43. Kf3 Kg7 44. Ke3 Kh6 45. g4 fxg4 46. hxg4 Kg7
47. g5 Kf7 48. Kf3 Ke7 49. Ke3 Kd6 50. Kf3 Ke7 51. Ke3 Kd6 1/2-1/2

[Event "NRW-Liga - Gruppe 2 2021/2022"]
[Site "Brühl"]
[Date "2022.03.13"]
[Round "7.8"]
[White "Lahmann, Rudolf"]
[Black "Koehler, Justus"]
[Result "1/2-1/2"]
[WhiteElo "1943"]
[BlackElo "1944"]
[PlyCount "112"]
[EventDate "2022.??.??"]
[SourceVersionDate "2020.03.16"]
[WhiteTeam "Brühler SK 1"]
[BlackTeam "Bielefelder SK 1"]

1. d4 Nf6 2. c4 g6 3. Nc3 Bg7 4. e4 O-O 5. Be2 c5 6. Nf3 cxd4 7. Nxd4 Nc6 8.
Nc2 d6 9. O-O a5 10. Be3 a4 11. f3 Be6 12. Rc1 Nd7 13. Qd2 Nc5 14. Nd4 Nxd4 15.
Bxd4 Bxd4+ 16. Qxd4 Qb6 17. Nd5 Bxd5 18. cxd5 Rfc8 19. Rc2 a3 20. b3 Nd7 21.
Qxb6 Nxb6 22. Rfc1 Kg7 23. Kf2 Rxc2 24. Rxc2 Rc8 25. Rxc8 Nxc8 26. Ke3 Kf6 27.
Kd4 g5 28. g3 e6 29. dxe6 fxe6 30. f4 gxf4 31. gxf4 Ne7 32. e5+ dxe5+ 33. fxe5+
Kf5 34. Bd3+ Kf4 35. Bxh7 Nc6+ 36. Kc5 Nxe5 37. Kd6 Nf3 38. Kc7 b5 39. b4 e5
40. Kb6 Nd4 41. Kc5 Ne2 42. Kxb5 Nc3+ 43. Kc4 Nxa2 44. Kb3 Nxb4 45. Kxa3 Nc6
46. Kb3 Nd4+ 47. Kc3 Nf3 48. Kd3 Nxh2 49. Ke2 Nf3 50. Bg6 Nd4+ 51. Ke1 Ke3 52.
Bh7 Ne6 53. Bf5 Ng5 54. Bc8 Nf3+ 55. Kf1 Nd4 56. Bb7 e4 1/2-1/2

[Event "Krefelder SK Turm 1 - SF Essen-Katernbe"]
[Site "NRW-Liga - Gruppe 2 2021/2022"]
[Date "2022.04.10"]
[Round "8.1"]
[White "Villwock, Martin"]
[Black "Gutkin, Ilya"]
[Result "0-1"]
[WhiteElo "2109"]
[BlackElo "2215"]
[PlyCount "56"]
[EventDate "2022.??.??"]
[SourceVersionDate "2020.03.16"]
[WhiteTeam "SF Essen-Katernberg  2"]
[BlackTeam "Krefelder SK Turm 1"]

1. e4 e6 2. d4 d5 3. Nc3 Nf6 4. e5 Nfd7 5. f4 c5 6. Nf3 Qb6 7. Be3 a6 8. Na4
Qa5+ 9. c3 cxd4 10. b4 Qc7 11. Qxd4 Nc6 12. Qd2 b5 13. Nb2 f6 14. exf6 Nxf6 15.
Bd3 Bd6 16. O-O O-O 17. a4 Rb8 18. axb5 axb5 19. Qe2 e5 20. fxe5 Nxe5 21. Nd4
Bg4 22. Qc2 Nxd3 23. Nxd3 Bxh2+ 24. Kh1 Ne4 25. Rxf8+ Rxf8 26. Bf2 Ng3+ 27.
Bxg3 Qxg3 28. Nc6 Qh4 0-1

[Event "Krefelder SK Turm 1 - SF Essen-Katernbe"]
[Site "NRW-Liga - Gruppe 2 2021/2022"]
[Date "2022.04.10"]
[Round "8.2"]
[White "Terhuven, Patrick"]
[Black "Melde, Benjamin"]
[Result "1-0"]
[WhiteElo "2195"]
[BlackElo "2098"]
[PlyCount "25"]
[EventDate "2022.??.??"]
[SourceVersionDate "2020.03.16"]
[WhiteTeam "Krefelder SK Turm 1"]
[BlackTeam "SF Essen-Katernberg  2"]

1. Nf3 g6 2. g3 Bg7 3. Bg2 Nf6 4. b3 Ne4 5. d4 c5 6. O-O Nc6 7. Bb2 d5 8. e3
Bf5 9. Nbd2 Nb4 10. a3 Nxd2 11. Qxd2 Nc6 12. c4 dxc4 13. d5 1-0

[Event "Krefelder SK Turm 1 - SF Essen-Katernbe"]
[Site "NRW-Liga - Gruppe 2 2021/2022"]
[Date "2022.04.10"]
[Round "8.3"]
[White "Irkilmez, Yakub"]
[Black "van der Valk, Niklas"]
[Result "1/2-1/2"]
[WhiteElo "2048"]
[BlackElo "2205"]
[Annotator "daniel"]
[PlyCount "138"]
[EventDate "2022.??.??"]
[SourceVersionDate "2020.03.16"]
[WhiteTeam "SF Essen-Katernberg  2"]
[BlackTeam "Krefelder SK Turm 1"]

1. d4 Nf6 2. c4 e6 3. g3 Bb4+ 4. Bd2 a5 5. Bg2 d6 6. Nf3 Nbd7 7. O-O e5 8. d5
Bxd2 9. Nfxd2 O-O 10. Nc3 Nc5 11. e4 Bd7 12. f4 exf4 13. gxf4 Ng4 14. Qe2 Qh4
15. Nf3 Qh6 16. Qd2 f5 17. h3 fxe4 18. hxg4 exf3 19. g5 Qh4 20. Rxf3 Rf7 21.
Raf1 $11 Raf8 22. Qd4 Bg4 23. R3f2 Qg3 24. Ne4 Qd3 25. Rd2 Qxd4+ 26. Rxd4 Kh8
27. Ng3 g6 28. Rf2 Re7 29. Kh2 Rfe8 30. Nf1 Re1 31. Ng3 Rc1 32. Ne4 Nxe4 33.
Bxe4 Re1 34. Bg2 R8e3 35. Rdd2 Kg7 36. Rd4 Kf7 37. Rdd2 Rc1 38. Rc2 Rd1 39. c5
Ke7 40. Rc4 Kd7 41. cxd6 Kxd6 42. Rfc2 Bf5 43. Rf2 Rde1 44. Ra4 R1e2 45. Kg1
Bd3 46. Rxa5 Rxf2 47. Kxf2 Re2+ 48. Kg3 Rxb2 49. Ra8 b5 50. Rd8+ Ke7 51. Rc8
Rc2 52. Rh8 Rxa2 53. Rxh7+ Kd6 54. Bh3 Kxd5 55. Rd7+ Ke4 56. Rxc7 b4 57. Rb7
Rb2 58. f5 gxf5 59. Re7+ Kd4 60. Rd7+ Ke3 61. Rxd3+ Kxd3 62. Bxf5+ Kd4 63. g6
Rb3+ 64. Kf4 Ra3 65. g7 Ra8 66. Be6 Kc3 67. g8=Q Rxg8 68. Bxg8 b3 69. Bxb3 Kxb3
1/2-1/2

[Event "Krefelder SK Turm 1 - SF Essen-Katernbe"]
[Site "NRW-Liga - Gruppe 2 2021/2022"]
[Date "2022.04.10"]
[Round "8.4"]
[White "Van Gool, Rudi"]
[Black "Dette, Jan"]
[Result "1-0"]
[WhiteElo "2191"]
[BlackElo "2076"]
[PlyCount "155"]
[EventDate "2022.??.??"]
[SourceVersionDate "2020.03.16"]
[WhiteTeam "Krefelder SK Turm 1"]
[BlackTeam "SF Essen-Katernberg  2"]

1. d4 Nf6 2. Nf3 e6 3. c4 d5 4. Nc3 c5 5. cxd5 Nxd5 6. e4 Nxc3 7. bxc3 cxd4 8.
cxd4 Bb4+ 9. Bd2 Bxd2+ 10. Qxd2 O-O 11. Rd1 Bd7 12. Bc4 Ba4 13. Rb1 Nd7 14. O-O
Nf6 15. Bd3 Qe7 16. Rb4 Bc6 17. Re1 b6 18. d5 Bb7 19. d6 Qd8 20. e5 Bxf3 21.
exf6 Bh5 22. fxg7 Kxg7 23. Ba6 Qf6 24. Rf4 Qh6 25. Qd4+ Kg8 26. h4 Rad8 27. Re3
Rfe8 28. Qe5 Bg6 29. Rg3 Qg7 30. Qxg7+ Kxg7 31. h5 Rxd6 32. hxg6 hxg6 33. Rd3
Red8 34. Rxd6 Rxd6 35. g3 Rd5 36. Ra4 Rc5 37. Ra3 g5 38. Kg2 f5 39. Bf1 Rc7 40.
Bb5 Kf6 41. Rd3 Rc2 42. Ra3 Rc5 43. Bf1 Rc7 44. Ra4 g4 45. Rc4 Re7 46. Rc2 e5
47. Ba6 f4 48. Kf1 Rh7 49. Bd3 Rh1+ 50. Ke2 Rg1 51. Rc6+ Kg5 52. gxf4+ exf4 53.
Rg6+ Kh5 54. Rf6 Ra1 55. Rf5+ Kh4 56. Bc4 f3+ 57. Ke3 Kh3 58. Kf4 Rd1 59. Bd5
Rd2 60. Rg5 Kg2 61. Rxg4+ Kxf2 62. Bxf3 Rd3 63. Be4 Ra3 64. Rg2+ Ke1 65. Bd5 a5
66. Rb2 Kd1 67. Rxb6 Kc1 68. Ke4 a4 69. Kd4 Rh3 70. Bc4 Kc2 71. Bd5 Rd3+ 72.
Kc4 Re3 73. Kb4 a3 74. Re6 Rg3 75. Bb3+ Rxb3+ 76. axb3 a2 77. Re2+ Kb1 78. Rxa2
1-0

[Event "Krefelder SK Turm 1 - SF Essen-Katernbe"]
[Site "NRW-Liga - Gruppe 2 2021/2022"]
[Date "2022.04.10"]
[Round "8.5"]
[White "Gorainow, Nikita"]
[Black "Guddat, Joachim"]
[Result "1/2-1/2"]
[WhiteElo "2021"]
[BlackElo "2081"]
[PlyCount "101"]
[EventDate "2022.??.??"]
[SourceVersionDate "2020.03.16"]
[WhiteTeam "SF Essen-Katernberg  2"]
[BlackTeam "Krefelder SK Turm 1"]

1. e4 c6 2. Nf3 d5 3. Nc3 dxe4 4. Nxe4 Nf6 5. Qe2 Bf5 6. Nxf6+ gxf6 7. d3 e6 8.
g3 Nd7 9. Bg2 Bg7 10. O-O e5 11. Nh4 Be6 12. Qh5 Qe7 13. Nf5 Bxf5 14. Qxf5 h5
15. a4 Qe6 16. Qxe6+ fxe6 17. a5 a6 18. b4 f5 19. Bb2 h4 20. c4 O-O-O 21. Rfe1
hxg3 22. hxg3 Rhg8 23. Rad1 f4 24. d4 fxg3 25. fxg3 exd4 26. Rxe6 Be5 27. Bxd4
Bxd4+ 28. Rxd4 Rxg3 29. Re7 Rgg8 30. Kh2 Nf6 31. Rxd8+ Rxd8 32. b5 axb5 33.
cxb5 Nd5 34. Re5 Kc7 35. bxc6 bxc6 36. Bxd5 cxd5 37. Kg3 Kd6 38. Rf5 Ra8 39.
Kf2 Rxa5 40. Rf3 Kc5 41. Ke2 Kd4 42. Kd2 Ra2+ 43. Kd1 Rh2 44. Rg3 Kc4 45. Rf3
d4 46. Rg3 Kd5 47. Rf3 Ke4 48. Ra3 Rf2 49. Rh3 Rg2 50. Ra3 d3 51. Ra8 1/2-1/2

[Event "Krefelder SK Turm 1 - SF Essen-Katernbe"]
[Site "NRW-Liga - Gruppe 2 2021/2022"]
[Date "2022.04.10"]
[Round "8.6"]
[White "Dorner, Matthias"]
[Black "Kaeding, Rainer"]
[Result "1/2-1/2"]
[WhiteElo "2094"]
[BlackElo "2063"]
[PlyCount "27"]
[EventDate "2022.??.??"]
[SourceVersionDate "2020.03.16"]
[WhiteTeam "Krefelder SK Turm 1"]
[BlackTeam "SF Essen-Katernberg  2"]

1. d4 d5 2. c3 Nf6 3. Bf4 e6 4. Nd2 Bd6 5. Bg3 c5 6. e3 O-O 7. Bd3 Qc7 8. f4
cxd4 9. cxd4 Qb6 10. Rb1 Bd7 11. Qe2 a6 12. Bh4 Bb5 13. Bxf6 gxf6 14. Bxh7+
1/2-1/2